[Event "Pilsen Region-chT 2223"]
[Site "Czech Republic"]
[Date "2023.02.12"]
[Round "8.8"]
[White "Jezek, Jiri"]
[Black "Stachova, Jana"]
[Result "1/2-1/2"]
[WhiteElo "1231"]
[BlackElo "1876"]
[PlyCount "44"]
[EventDate "2022.10.09"]
[EventType "team-tourn"]
[EventRounds "11"]
[EventCountry "CZE"]
[SourceTitle "EXT 2024"]
[Source "ChessBase"]
[SourceDate "2023.10.10"]
[SourceVersion "1"]
[SourceVersionDate "2023.10.10"]
[SourceQuality "1"]
[WhiteTeam "Plzen Letna"]
[BlackTeam "Line III"]
[WhiteTeamCountry "CZE"]
[BlackTeamCountry "CZE"]

1. d4 Nf6 2. c4 g6 3. Nc3 d6 4. e4 Bg7 5. f4 e5 6. dxe5 dxe5 7. Qxd8+ Kxd8 8. Nf3 exf4 9. Bxf4 c6 10. Be2 Ke8 11. 0-0 Nh5 12. Be5 f6 13. Bd6 Bf8 14. Bxf8 Rxf8 15. Nd4 Ng7 16. Rad1 Ne6 17. Bg4 Ke7 18. Nxe6 Bxe6 19. Bxe6 Kxe6 20. Rd2 Nd7 21. Rfd1 Ne5 22. b3 Ke7 1/2-1/2